| 000 | 00497nam a22001697a 4500 | ||
|---|---|---|---|
| 003 | BD-DhUL | ||
| 005 | 20161116192141.0 | ||
| 008 | 161116s1946 n |||| |||| 001 0 eng d | ||
| 040 |
_aBD-DhUL _cBD-DhUL |
||
| 082 |
_a150.13 _bMAP |
||
| 100 | 1 | _aMaier, Norman R. F. | |
| 245 | 1 | 0 |
_aIndustrial psychology / _cNorman R. F. Maier |
| 260 |
_aBoston : _bHoughton Mifflin, _c1946. |
||
| 300 |
_a459 p. : _bill. ; _c22 cm. |
||
| 504 | _aIncludes bibliographical references and index. | ||
| 942 |
_2ddc _cBK |
||
| 999 |
_c124771 _d124771 |
||